000 00788nam a2200217 a 4500
008 120416s2001 ||||||||||||||||| || u
020 _a0273651153
050 _aHB 615 Wic
100 _aWickham, Philip A
245 1 0 _aStrategic entrepreneurship: a decision-making approach to new venture creation and management. (2nd ed.)
250 _a2nd ed.
260 _aHarlow:
_bPrentice-Hall
_c2001
300 _axix, 420p.: ill.
350 _a0.00
650 0 _aDECISION MAKING
650 _aMANAGERIAL ENTREPRENUERSHIP
650 0 _aENTREPRENEURSHIP
650 0 _aMANAGEMENT
650 _aSTRATEGIC MANAGEMENT
995 _D0.00
_FCBU-MAIN LIBRARY (Kitwe)
_H1
_I25.95
_M1
_UAVAILABLE
_VMar 11, 2013
_ZMain Library Open Access Collection
999 _c58489
_d58489